Základom je zvýšiť konkurenčné prostredie v mládežníckom hokeji

Podrobná bibliografia
Hlavný autor: Mašľany, Michal (Autor)
Ďalší autori: Jesenský, Peter (Fotograf)
Médium: Článok
Jazyk:slovenčina
Fyzický popis:Fotogr.
ISSN:1335-4050
Predmet:

MARC

LEADER 00000nab a2200000 ar4500
001 vtls010860533
003 SK-MaSNL
005 20260426062808.0
008 171109c20150729xo dr|n|||||||000 b|slo
038 |a PPPK 
040 |a PPPKCL  |b slo  |c PPPKCL  |e AACR2 
041 0 |a slo 
044 |a xo  |c SK 
080 |a 796.966  |x (437.6)  |2 2001 
080 |a 796.966.071.43  |2 2001 
100 1 |a Mašľany, Michal  |4 aut  |9 1087354 
245 1 0 |a Základom je zvýšiť konkurenčné prostredie v mládežníckom hokeji  |c Michal Mašľany ; Foto: Vivanta/Peter Jesenský 
300 |b Fotogr. 
600 1 7 |a Frühauf, Jozef  |2 pppkcl  |9 1089875 
610 2 7 |a HK ŠKP Poprad  |2 pppkcl  |9 855629 
650 0 7 |a šport  |2 snkbucl  |9 1042 
650 0 7 |a ľadový hokej  |2 pppkcl  |9 3231 
650 0 7 |a hokejoví tréneri  |2 pppkcl  |9 29859 
650 0 7 |a slovenská reprezentácia  |2 pppkcl  |9 1036605 
651 7 |a Poprad (Slovensko)  |2 pppkcl  |9 20155 
651 7 |a Bratislava (Slovensko)  |2 pppkcl  |9 14568 
700 1 |a Jesenský, Peter  |4 pht  |9 971750 
773 0 |t Pravda  |g Roč. 25, č. 174 (29.7.2015), s. 35  |x 1335-4050 
852 |a PPPK  |b KIS3GCP 
999 |c 2549550  |d 2551480